| 000 | 00644ngm a22002890a 4500 | ||
|---|---|---|---|
| 001 | PT41977 | ||
| 003 | AR-LpoUNG | ||
| 005 | 20210201232332.0 | ||
| 007 | co ||u|||uuuuu | ||
| 008 | 191001s2000||||xxu|||||||||||||||||eng d | ||
| 037 | _c$21.25 | ||
| 040 |
_aAR-LpoUNG _bspa _cAR-LpoUNG _eaacr |
||
| 041 | _aeng | ||
| 044 | _axxu | ||
| 082 | 0 | _a781.65 293jac | |
| 100 | 1 | _aPastorius, Jaco | |
| 245 | 1 | 0 | _aJaco Pastorius |
| 260 |
_aNew York : _bSony, _c2000. |
||
| 300 | _a1 disco son. | ||
| 650 | 4 | _aMUSICA | |
| 653 | _aBAJO | ||
| 653 | _aCD | ||
| 653 | _aEDUCACION MUSICAL | ||
| 653 | _aJAZZ | ||
| 905 | _a41977 | ||
| 942 | _cCDDVD | ||
| 999 |
_c53413 _d53413 |
||